000 00494nam a2200145Ia 4500
008 151213s9999 xx 000 0 und d
100 _aMaura E. Stoke , Charft S. Davis & Gary G. Kocle
245 _aCategorical Data Analysis Using The SAS System
_cMaura E. Stoke , Charft S. Davis & Gary G. Kocle
260 _aCary Ne.USA
_bSAS Institute
_c1995
300 _a3109 p.
650 _aComputer
650 _aComputer
700 _aMaura E. Stoke , Charft S. Davis & Gary G. Kocle
999 _c2134
_d2134